000 00671nam a22002297a 4500
999 _c160917
_d160917
005 20190216164720.0
006 a|||||f|||| 00| 0
007 tc
008 180720b xxu||||| |||| 00| 0 eng d
010 _aBR-003113
020 _c05.00
035 _aBR-003113
037 _bA.I.C.B.
082 _aS
100 _aMadan, H.C.
245 _aOnce in a Village
_cby H.C. Madan
260 _aNew Delhi
_bA.C.I.B.
_cN.D.
270 _aSector-5, Rohini,
_bNew Delhi
_e110085
300 _avarious pages.
_c30cm(HB).
942 _2ddc
_cBRLEN
_hS
_mMAD